[Event "Wch U18 blitz"]
[Site "Batumi"]
[Date "2023.06.11"]
[Round "9"]
[White "Badacsonyi, Frankie"]
[Black "Kupatadze, Tornike"]
[Result "0-1"]
[WhiteElo "1955"]
[BlackElo "1717"]
[PlyCount "110"]
[EventDate "2023.06.10"]
[EventType "swiss (blitz)"]
[EventRounds "11"]
[EventCountry "GEO"]
[SourceTitle "EXT 2024"]
[Source "ChessBase"]
[SourceDate "2023.10.10"]
[SourceVersion "1"]
[SourceVersionDate "2023.10.10"]
[SourceQuality "1"]
[WhiteTeam "England"]
[BlackTeam "Georgia"]
[WhiteTeamCountry "ENG"]
[BlackTeamCountry "GEO"]

1. d4 g6 2. e4 Bg7 3. c3 d6 4. Bd3 Nc6 5. Nf3 Bg4 6. h3 Bxf3 7. Qxf3 e5 8. dxe5 Nxe5 9. Qe2 Nf6 10. 0-0 Nfd7 11. Bc2 Qe7 12. Be3 0-0 13. Nd2 Rad8 14. Rad1 a6 15. Nb3 Nf6 16. Na5 b6 17. Nb3 d5 18. exd5 Nxd5 19. Bc1 Rfe8 20. Rfe1 a5 21. f4 Nc6 22. Qxe7 Rxe7 23. Rxe7 Ndxe7 24. Rxd8+ Nxd8 25. Kf2 Ne6 26. Kf3 Kf8 27. Be3 Nd5 28. Bd2 Ke7 29. Nc1 Kd6 30. g3 c5 31. Nd3 c4 32. Nf2 f5 33. g4 Bh6 34. gxf5 gxf5 35. Bxf5 Bxf4 36. Bxe6 Bxd2 37. Bxd5 Kxd5 38. Nd1 a4 39. Ke2 Bc1 40. Kf3 b5 41. a3 Ke5 42. Ke2 Ke4 43. Nf2+ Kf4 44. Nd1 Kg3 45. Kf1 Kxh3 46. Kf2 Kg4 47. Kg2 Kf4 48. Kf2 Ke4 49. Ke2 h5 50. Nf2+ Kf4 51. Nd1 h4 52. Kf2 Ke4 53. Ke2 Kf4 54. Kf2 h3 55. Kf1 Kf3 0-1

[Event "Gaprindashvili Cup op 2nd"]
[Site "Tornelo INT"]
[Date "2020.11.09"]
[Round "4"]
[White "Kiladze, Luka"]
[Black "Kupatadze, Tornike"]
[Result "1-0"]
[WhiteElo "1786"]
[BlackElo "1657"]
[PlyCount "49"]
[EventDate "2020.11.08"]
[EventType "swiss (rapid)"]
[EventRounds "9"]
[EventCountry "GEO"]
[SourceTitle "CBM 199 Extra"]
[Source "ChessBase"]
[SourceDate "2021.01.31"]
[SourceVersion "1"]
[SourceVersionDate "2021.01.31"]
[SourceQuality "1"]

1. d4 g6 2. e4 Bg7 3. Nc3 d6 4. Be3 Nc6 5. d5 Ne5 6. f4 Nd7 7. Nf3 e5 8. dxe6 fxe6 9. Bc4 Nb6 10. Bb3 Nf6 11. 0-0 0-0 12. Ng5 Re8 13. f5 gxf5 14. exf5 d5 15. Bxb6 axb6 16. fxe6 c6 17. Qd3 h6 18. Nf7 Qe7 19. Qg6 h5 20. Nh6+ Kh8 21. Rxf6 Qxf6 22. Qxe8+ Kh7 23. Nf7 Qf4 24. Qe7 Bxe6 25. Ng5+ 1-0

[Event "Gaprindashvili Cup op 2nd"]
[Site "Tornelo INT"]
[Date "2020.11.09"]
[Round "6"]
[White "Tsanatsqenishvili, Alexandre"]
[Black "Kupatadze, Tornike"]
[Result "1/2-1/2"]
[WhiteElo "1702"]
[BlackElo "1657"]
[PlyCount "91"]
[EventDate "2020.11.08"]
[EventType "swiss (rapid)"]
[EventRounds "9"]
[EventCountry "GEO"]
[SourceTitle "CBM 199 Extra"]
[Source "ChessBase"]
[SourceDate "2021.01.31"]
[SourceVersion "1"]
[SourceVersionDate "2021.01.31"]
[SourceQuality "1"]

1. e4 g6 2. d4 Bg7 3. Nc3 d6 4. g3 Nc6 5. Nge2 Bg4 6. Qd3 e5 7. d5 Nce7 8. f3 Bd7 9. Bg2 f5 10. 0-0 Nf6 11. Be3 0-0 12. Qd2 Nh5 13. exf5 Nxf5 14. Bg5 Nf6 15. f4 h6 16. Bxf6 Bxf6 17. Ne4 Bg7 18. fxe5 Bxe5 19. c3 Kh7 20. Nf4 Qe7 21. Rae1 Rae8 22. Rf2 Qg7 23. Rfe2 Bb5 24. Rf2 Bd7 25. Nd3 c6 26. dxc6 Bxc6 27. Rfe2 Qc7 28. Nb4 Rd8 29. Nd5 Bxd5 30. Qxd5 Qb6+ 31. Kh1 Rde8 32. Nf2 Nxg3+ 33. hxg3 Rxf2 34. Rxf2 Qxf2 35. Rf1 Qe2 36. Qxb7+ Bg7 37. Rf7 Qd1+ 38. Kh2 Qh5+ 39. Kg1 Qc5+ 40. Kh2 Qh5+ 41. Kg1 Re1+ 42. Rf1 Qc5+ 43. Kh2 Qh5+ 44. Kg1 Qc5+ 45. Kh2 Qh5+ 46. Kg1 1/2-1/2